中国所有地级行政区(无提示困难版) - Statistics

General Stats
  • This quiz has been taken 42 times
  • The average score is 265 of 391
Answer Stats
省份 地市 % Correct
特别行政区/直辖市 北京
85%
广东 广州
79%
福建 福州
76%
福建 厦门
76%
广东 深圳
76%
广东 中山
76%
江苏 常州
76%
特别行政区/直辖市 上海
76%
特别行政区/直辖市 天津
76%
福建 莆田
74%
广东 惠州
74%
广西 北海
74%
广西 防城港
74%
河北 保定
74%
河北 沧州
74%
河北 邯郸
74%
河北 衡水
74%
河北 石家庄
74%
河北 邢台
74%
河北 张家口
74%
河南 安阳
74%
河南 鹤壁
74%
河南 焦作
74%
河南 开封
74%
河南 南阳
74%
河南 平顶山
74%
河南 濮阳
74%
河南 三门峡
74%
河南 商丘
74%
河南 新乡
74%
河南 许昌
74%
河南 郑州
74%
河南 周口
74%
黑龙江 哈尔滨
74%
湖北 黄冈
74%
湖北 荆州
74%
吉林 吉林
74%
吉林 长春
74%
江苏 淮安
74%
江苏 苏州
74%
内蒙古 包头
74%
山东 菏泽
74%
山东 济南
74%
新疆 昌吉回族自治州
74%
安徽 蚌埠
71%
安徽 亳州
71%
安徽 阜阳
71%
安徽 合肥
71%
安徽 淮北
71%
安徽 淮南
71%
安徽 黄山
71%
安徽 六安
71%
安徽 宣城
71%
福建 龙岩
71%
福建 南平
71%
福建 宁德
71%
福建 泉州
71%
福建 三明
71%
福建 漳州
71%
甘肃 定西
71%
甘肃 嘉峪关
71%
甘肃 武威
71%
甘肃 张掖
71%
广东 潮州
71%
广东 茂名
71%
广东 梅州
71%
广东 清远
71%
广东 汕头
71%
广东 汕尾
71%
广东 湛江
71%
广东 珠海
71%
广西 百色
71%
广西 桂林
71%
广西 柳州
71%
广西 南宁
71%
贵州 贵阳
71%
贵州 遵义
71%
河北 承德
71%
河北 秦皇岛
71%
河南 济源
71%
河南 洛阳
71%
河南 漯河
71%
河南 驻马店
71%
黑龙江 大庆
71%
黑龙江 鹤岗
71%
黑龙江 鸡西
71%
黑龙江 牡丹江
71%
黑龙江 齐齐哈尔
71%
黑龙江 双鸭山
71%
黑龙江 绥化
71%
黑龙江 伊春
71%
湖北 鄂州
71%
湖北 恩施土家族苗族自治州
71%
湖北 黄石
71%
湖北 荆门
71%
湖北 随州
71%
湖北 武汉
71%
湖南 衡阳
71%
湖南 怀化
71%
湖南 邵阳
71%
湖南 湘潭
71%
湖南 岳阳
71%
湖南 张家界
71%
湖南 长沙
71%
湖南 株洲
71%
吉林 白山
71%
吉林 辽源
71%
吉林 延边朝鲜族自治州
71%
江苏 连云港
71%
江苏 南京
71%
江苏 南通
71%
江苏 泰州
71%
江苏 无锡
71%
江苏 徐州
71%
江苏 盐城
71%
江苏 扬州
71%
江苏 镇江
71%
江西 南昌
71%
辽宁 鞍山
71%
辽宁 本溪
71%
辽宁 丹东
71%
辽宁 抚顺
71%
辽宁 葫芦岛
71%
辽宁 锦州
71%
辽宁 盘锦
71%
辽宁 沈阳
71%
辽宁 铁岭
71%
辽宁 通化
71%
内蒙古 呼和浩特
71%
内蒙古 呼伦贝尔
71%
内蒙古 锡林郭勒盟
71%
山东 德州
71%
山东 临沂
71%
山东 日照
71%
山东 威海
71%
山东 烟台
71%
山东 枣庄
71%
山东 淄博
71%
山西 大同
71%
山西 晋中
71%
山西 临汾
71%
山西 吕梁
71%
山西 朔州
71%
山西 太原
71%
山西 运城
71%
山西 长治
71%
陕西 安康
71%
陕西 宝鸡
71%
陕西 商洛
71%
陕西 铜川
71%
陕西 西安
71%
陕西 咸阳
71%
陕西 延安
71%
陕西 榆林
71%
四川 成都
71%
四川 广元
71%
四川 乐山
71%
四川 泸州
71%
四川 眉山
71%
四川 绵阳
71%
四川 宜宾
71%
四川 自贡
71%
特别行政区/直辖市 澳门特别行政区
71%
特别行政区/直辖市 香港特别行政区
71%
特别行政区/直辖市 重庆
71%
西藏 拉萨
71%
西藏 林芝
71%
西藏 日喀则
71%
新疆 阿克苏地区
71%
新疆 哈密
71%
新疆 喀什地区
71%
新疆 乌鲁木齐
71%
云南 大理白族自治州
71%
云南 昆明
71%
云南 普洱
71%
云南 曲靖
71%
浙江 杭州
71%
浙江 嘉兴
71%
浙江 丽水
71%
浙江 宁波
71%
浙江 绍兴
71%
浙江 温州
71%
浙江 舟山
71%
安徽 安庆
68%
安徽 马鞍山
68%
安徽 宿州
68%
甘肃 白银
68%
甘肃 金昌
68%
甘肃 酒泉
68%
甘肃 兰州
68%
甘肃 平凉
68%
甘肃 庆阳
68%
广东 河源
68%
广东 韶关
68%
广东 阳江
68%
广东 云浮
68%
广东 肇庆
68%
广西 河池
68%
广西 贺州
68%
广西 来宾
68%
广西 钦州
68%
广西 玉林
68%
贵州 毕节
68%
贵州 六盘水
68%
贵州 黔东南苗族侗族自治州
68%
贵州 黔南布依族苗族自治州
68%
贵州 黔西南布依族苗族自治州
68%
贵州 铜仁
68%
河北 廊坊
68%
河北 唐山
68%
河南 信阳
68%
黑龙江 大兴安岭地区
68%
黑龙江 黑河
68%
黑龙江 佳木斯
68%
黑龙江 七台河
68%
湖北 十堰
68%
湖北 天门
68%
湖北 仙桃
68%
湖北 咸宁
68%
湖北 襄阳
68%
湖北 孝感
68%
湖北 宜昌
68%
湖南 常德
68%
湖南 郴州
68%
吉林 白城
68%
江苏 宿迁
68%
江西 抚州
68%
江西 赣州
68%
江西 九江
68%
江西 鹰潭
68%
辽宁 朝阳
68%
辽宁 大连
68%
辽宁 辽阳
68%
辽宁 四平
68%
内蒙古 巴彦淖尔
68%
内蒙古 赤峰
68%
内蒙古 鄂尔多斯
68%
内蒙古 通辽
68%
内蒙古 乌海
68%
内蒙古 乌兰察布
68%
青海 海东
68%
青海 西宁
68%
山东 滨州
68%
山东 东营
68%
山东 济宁
68%
山东 聊城
68%
山东 青岛
68%
山东 潍坊
68%
山西 晋城
68%
山西 渭南
68%
山西 忻州
68%
陕西 汉中
68%
四川 阿坝藏族羌族自治州
68%
四川 达州
68%
四川 德阳
68%
四川 甘孜藏族自治州
68%
四川 凉山彝族自治州
68%
四川 南充
68%
四川 攀枝花
68%
四川 遂宁
68%
四川 资阳
68%
台湾 高雄
68%
台湾 台北
68%
台湾 台南
68%
西藏 阿里地区
68%
西藏 昌都
68%
西藏 那曲
68%
西藏 山南
68%
新疆 巴音郭楞蒙古自治州
68%
新疆 克拉玛依
68%
新疆 克孜勒苏柯尔克孜自治州
68%
新疆 吐鲁番
68%
新疆 伊犁哈萨克自治州
68%
云南 楚雄彝族自治州
68%
云南 德宏傣族景颇族自治州
68%
云南 迪庆藏族自治州
68%
云南 红河哈尼族彝族自治州
68%
云南 临沧
68%
云南 怒江傈僳族自治州
68%
云南 文山壮族苗族自治州
68%
云南 西双版纳傣族自治州
68%
云南 昭通
68%
浙江 湖州
68%
浙江 金华
68%
浙江 衢州
68%
浙江 台州
68%
安徽 池州
65%
安徽 铜陵
65%
安徽 芜湖
65%
甘肃 甘南藏族自治州
65%
甘肃 天水
65%
广东 东莞
65%
广东 佛山
65%
广东 江门
65%
广西 崇左
65%
广西 贵港
65%
广西 梧州
65%
贵州 安顺
65%
海南 海口
65%
海南 三亚
65%
湖北 潜江
65%
湖北 神农架林区
65%
湖南 娄底
65%
湖南 湘西土家族苗族自治州
65%
湖南 永州
65%
江西 吉安
65%
江西 景德镇
65%
江西 上饶
65%
江西 新余
65%
江西 宜春
65%
辽宁 阜新
65%
辽宁 松原
65%
辽宁 营口
65%
内蒙古 兴安盟
65%
宁夏 固原
65%
宁夏 石嘴山
65%
宁夏 银川
65%
宁夏 中卫
65%
青海 果洛藏族自治州
65%
青海 海北藏族自治州
65%
青海 海南藏族自治州
65%
青海 海西蒙古族藏族自治州
65%
青海 玉树藏族自治州
65%
山东 泰安
65%
山西 阳泉
65%
四川 巴中
65%
四川 内江
65%
台湾 花莲县
65%
台湾 台中
65%
台湾 桃园
65%
新疆 阿勒泰地区
65%
新疆 和田地区
65%
新疆 石河子
65%
新疆 塔城地区
65%
新疆 图木舒克
65%
云南 保山
65%
云南 丽江
65%
安徽 滁州
62%
甘肃 临夏回族自治州
62%
甘肃 陇南
62%
广东 揭阳
62%
海南 五指山
62%
江西 萍乡
62%
湖南 益阳
62%
内蒙古 阿拉善盟
62%
宁夏 吴忠
62%
台湾 基隆
62%
台湾 嘉义
62%
台湾 嘉义县
62%
台湾 澎湖县
62%
台湾 台东县
62%
台湾 新竹
62%
台湾 新竹县
62%
台湾/福建 金门县
62%
新疆 博尔塔拉蒙古自治州
62%
新疆 铁门关
62%
新疆 五家渠
62%
云南 玉溪
62%
海南 澄迈县
59%
海南 儋州
59%
海南 东方
59%
海南 琼海
59%
海南 三沙
59%
海南 文昌
59%
青海 黄南藏族自治州
59%
四川 广安
59%
四川 雅安
59%
台湾 新北
59%
新疆 北屯
59%
新疆 胡杨河
59%
新疆 可克达拉
59%
新疆 昆玉
59%
海南 乐东黎族自治县
56%
海南 陵水黎族自治县
56%
海南 琼中黎族苗族自治县
56%
海南 万宁
56%
台湾 屏东县
56%
台湾 云林县
56%
台湾 彰化县
56%
新疆 阿拉尔
56%
海南 白沙黎族自治县
53%
海南 保亭黎族苗族自治县
53%
台湾 南投县
53%
新疆 双河
53%
海南 临高县
50%
海南 屯昌县
50%
台湾 苗栗县
50%
台湾 宜兰县
50%
台湾/福建 连江县(马祖)
50%
海南 昌江黎族自治县
47%
海南 定安县
47%
No matching quizzes found
Score Distribution
Percent of People with Each Score
Percentile by Number Answered
Your Score History
You have not taken this quiz